Czy rozpoznasz gracza po opisie - Statystyki

Ogólne statystyki
  • Ten quiz został rozwiązany 33 razy
  • Średni wynik to 13 z 22
Statystyki odpowiedzi
podpowiedz gracz % Poprawnych
BADIGTON, Rekord Świata do niego należy na mapce ACW, top gracz, rower, Kraków sEWERYN jAN
100%
inny nick na dc z wiadomego powodu, rekord swiata 0 pkt Kubafracek
82%
Duże ego, wygrany rainbolta, rekord na nmpz 10sec acw, swiat czolgow Tomas
82%
top gracz, cos zwiazanego z wodą w nazwie w jezyku angielskim Snowf Lake
76%
wygrany turnieju rainbolta, rosja master Karo
71%
zbanowany na serwerze Rainbolta, Andrychów, olo
71%
Bałtyki Wielkibuc
65%
mongolia 25k, spioch Fikas
59%
krolestwo sloni Kindrk
59%
nie lubi informowac innych ludzi, nudne cg, Roobbson
59%
18 lat, turniej u ... Sadziu
59%
touchpad, top gracz, lagi streama, Geomex, Tylko olimpia
59%
usmiech w nicku Glumsmile
53%
super streamer Karciarz
53%
dokładnie Lylylu
53%
moving, europa, mecze, streamer, ban Skowron
53%
..... krolowej swangambit
53%
kocha Kiribati Geodudson
47%
bhutan, bhutan, bhutan Maksiowy
47%
kto to jest (odpowiedz) Najgab
29%
jego nick ma ptaka w nazwie Krux
24%
expert od kamer Ibraka
18%
Nie znaleziono quizów pasujących do podanych kryteriów
Rozkład punktacji
Procent ludzi z każdym wynikiem
Percentyl według liczby udzielonych odpowiedzi
Twoja historia wyników
Nie rozwiązałeś tego quizu